Tkáčske remeslo - významný oravský fenomén súčasnosti

Bibliographic Details
Main Author: Beňušová, Elena (Author)
Format: Article
Language:Slovak
Subjects:

MARC

LEADER 00000nab a2200000 a 4500
001 vtls008159105
003 SK-MaSNL
005 20260304134327.0
008 250505c2005 xo qr|p|||||||000 b|slo
015 |a SNBRB2005/06  |2 snkbucl 
035 |a (uuid)0ee340df-5a65-4fef-b09f-2ae968023ebe 
035 |a urn:nbn:sk:snk-ab2xxg 
035 |a (urnnbn)urn:nbn:sk:snk:ar-a0335y 
038 |a SNKBUCL 
040 |a SNKBUCL  |b slo  |c SNKBUCL  |e AACR2 
041 0 |a slo 
044 |a xo  |c SK 
080 |a 745.52  |x (437.6)  |2 1997 
100 1 |a Beňušová, Elena  |4 aut  |9 12077 
245 1 0 |a Tkáčske remeslo - významný oravský fenomén súčasnosti  |c Elena Beňušová 
300 |b Fotogr. 
500 |a Poznámky k textu 
650 0 7 |a umelecké remeslá  |2 snkbucl  |9 3094 
650 0 7 |a tkáčstvo  |2 snkbucl  |9 21576 
651 7 |a Orava (Slovensko : región)  |2 snkbucl  |9 116635 
773 0 |t Remeslo, umenie, dizajn  |g Roč. 6, č. 1 (2005), s. 45-47  |x 1335-5457 
850 |a Slovenská národná knižnica 
852 |a Slovenská národná knižnica 
958 |a article27 
958 |a OND 
958 |a EUIPO 
999 |c 2906348  |d 2908278